Sąsiedzi Polski w 15s - Statystyki

Ogólne statystyki
  • Ten quiz został rozwiązany 2 019 razy
  • Średni wynik to 6 z 7
Statystyki odpowiedzi
Hint Odpowiedź % Poprawnych
467km Niemcy
92%
796km Czechy
86%
210km Rosja
84%
104km Litwa
82%
535km Ukraina
81%
541km Słowacja
78%
418km Białoruś
75%
Nie znaleziono quizów pasujących do podanych kryteriów
Rozkład punktacji
Procent ludzi z każdym wynikiem
Percentyl według liczby udzielonych odpowiedzi
Twoja historia wyników
Nie rozwiązałeś tego quizu